000 00296nam a22001337a 4500
008 180922b xxu||||| |||| 00| 0 eng d
020 _a9780495814108
041 _aeng
080 _a371
100 _a25
101 _aEDU
245 _aThe Elements of Counseling
_cMeter, S.T
942 _2udc
_cBK
999 _c48275
_d48275